[Event "CZE-chT2C 2223"]
[Site "Czech Republic"]
[Date "2023.03.05"]
[Round "10.3"]
[White "Docekal, Jan"]
[Black "Neckar, Lubomir"]
[Result "1-0"]
[WhiteElo "2261"]
[BlackElo "2241"]
[PlyCount "47"]
[EventDate "2022.10.16"]
[EventType "team-tourn"]
[EventRounds "11"]
[EventCountry "CZE"]
[SourceTitle "EXT 2024"]
[Source "ChessBase"]
[SourceDate "2023.10.10"]
[SourceVersion "1"]
[SourceVersionDate "2023.10.10"]
[SourceQuality "1"]
[WhiteTeam "Vysehrad"]
[BlackTeam "Lysa nad Labem"]
[WhiteTeamCountry "CZE"]
[BlackTeamCountry "CZE"]

1. e4 d5 2. exd5 Qxd5 3. Nc3 Qd8 4. Bc4 Nf6 5. Nf3 a6 6. a4 c5 7. 0-0 Nc6 8. h3 e6 9. Re1 Be7 10. b3 b6 11. Bb2 Bb7 12. Ng5 h6 13. Nxf7 Kxf7 14. Bxe6+ Kf8 15. Nd5 Nd4 16. Nf4 g5 17. Bxd4 gxf4 18. Be5 Bd6 19. d4 Bxe5 20. dxe5 Qxd1 21. Raxd1 Ne8 22. Rd7 Bc8 23. Rf7+ Kg8 24. Bd5 1-0

[Event "Vsetin op 45th"]
[Site "Vsetin"]
[Date "2020.07.10"]
[Round "9"]
[White "Docekal, Jan"]
[Black "Mica, Marek"]
[Result "1/2-1/2"]
[WhiteElo "2260"]
[BlackElo "2306"]
[PlyCount "114"]
[EventDate "2020.07.04"]
[EventType "swiss"]
[EventRounds "9"]
[EventCountry "CZE"]
[SourceTitle "CBM 197 Extra"]
[Source "ChessBase"]
[SourceDate "2020.09.30"]
[SourceVersion "1"]
[SourceVersionDate "2020.09.30"]
[SourceQuality "1"]

1. e4 c6 2. d4 d5 3. exd5 cxd5 4. c4 Nf6 5. Nc3 g6 6. Qb3 Bg7 7. cxd5 0-0 8. Be2 b6 9. Bf3 Bb7 10. Nge2 Na6 11. 0-0 Qd7 12. Nf4 Nc7 13. Re1 Rfe8 14. Bd2 Qd6 15. Re5 Rad8 16. Rae1 h6 17. Nb5 Nxb5 18. Qxb5 g5 19. Bb4 Qd7 20. Qxd7 Rxd7 21. Nd3 Nxd5 22. Bxd5 Bxd5 23. Rxe7 Rexe7 24. Rxe7 Rxe7 25. Bxe7 Bxd4 26. b3 Be4 27. Nb4 f5 28. Bd6 Kf7 29. Na6 Ke8 30. Nc7+ Kd7 31. Nb5 Bd3 32. Nxd4 Kxd6 33. f4 g4 34. Kf2 Kd5 35. Ke3 Be4 36. Nb5 Bxg2 37. Nxa7 Kc5 38. Nc8 b5 39. a3 Be4 40. b4+ Kd5 41. a4 bxa4 42. Nb6+ Kc6 43. Nxa4 h5 44. Nc5 h4 45. Kf2 Kd5 46. Nd7 Kc4 47. Ne5+ Kxb4 48. Ng6 h3 49. Ne5 Kc3 50. Kg3 Kd4 51. Nd7 Bc6 52. Ne5 Be8 53. Kf2 Ke4 54. Kg3 Ke3 55. Nc4+ Kd4 56. Ne5 Ke4 57. Nc4 Kd5 1/2-1/2

[Event "CZE-chT1W 1920"]
[Site "Czech Republic"]
[Date "2020.06.13"]
[Round "10.5"]
[White "Docekal, Jan"]
[Black "Pribyl, Josef"]
[Result "1/2-1/2"]
[WhiteElo "2302"]
[BlackElo "2234"]
[PlyCount "56"]
[EventDate "2019.10.20"]
[EventType "team-tourn"]
[EventRounds "11"]
[EventCountry "CZE"]
[SourceTitle "EXT 2021"]
[Source "ChessBase"]
[SourceDate "2020.10.23"]
[SourceVersion "1"]
[SourceVersionDate "2020.10.23"]
[SourceQuality "1"]
[WhiteTeam "Vysehrad"]
[BlackTeam "Praha DP EA Hotels"]
[WhiteTeamCountry "CZE"]
[BlackTeamCountry "CZE"]

1. e4 c6 2. d4 d5 3. exd5 cxd5 4. c4 Nf6 5. Nc3 g6 6. cxd5 Nxd5 7. Qb3 Nxc3 8. bxc3 Bg7 9. Nf3 0-0 10. Be2 Nc6 11. 0-0 Qc7 12. Ba3 Rd8 13. Rad1 Be6 14. Qa4 Bd5 15. Rfe1 a6 16. Bc1 b5 17. Qa3 Qa5 18. Ne5 Qxa3 19. Bxa3 Nxe5 20. dxe5 Bxa2 21. Ra1 Bd5 22. Bxe7 Re8 23. Bd6 Bxe5 24. Bxb5 Bxh2+ 25. Kxh2 axb5 26. Rxa8 Rxa8 27. Re5 Bc4 28. Bc5 h5 1/2-1/2

[Event "CZE-ch blitz"]
[Site "Prague"]
[Date "2019.12.21"]
[Round "3"]
[White "Docekal, Jan"]
[Black "Zwardon, Vojtech"]
[Result "0-1"]
[WhiteElo "2274"]
[BlackElo "2466"]
[PlyCount "102"]
[EventDate "2019.12.21"]
[EventType "swiss (blitz)"]
[EventRounds "15"]
[EventCountry "CZE"]
[SourceTitle "CBM 193 Extra"]
[Source "ChessBase"]
[SourceDate "2020.01.31"]
[SourceVersion "1"]
[SourceVersionDate "2020.01.31"]
[SourceQuality "1"]

1. e4 c5 2. c4 Nc6 3. Nc3 g6 4. Nf3 Bg7 5. d3 a6 6. Be2 Nf6 7. 0-0 0-0 8. Ne1 Nd4 9. Nc2 Nxe2+ 10. Qxe2 d6 11. Kh1 b5 12. Rb1 Rb8 13. Bf4 b4 14. Nd5 Nxd5 15. exd5 b3 16. axb3 Rxb3 17. Ne3 Qb6 18. Bg5 Re8 19. Rfe1 a5 20. Qd1 Bd7 21. Nc2 f6 22. Bd2 Rxd3 23. Bxa5 Rxd1 24. Bxb6 Rd2 25. Ne3 Rxf2 26. b4 cxb4 27. Rxb4 f5 28. c5 Bc3 29. c6 Bc8 30. Rbb1 Bxe1 31. Rxe1 Ba6 32. Kg1 Rb2 33. Bd4 Re2 34. Rxe2 Bxe2 35. Nc2 Bc4 36. Nb4 Rb8 37. Bc3 Kf7 38. Kf2 Ke8 39. Ke3 Rxb4 40. Bxb4 Bxd5 41. c7 Kd7 42. Ba5 Bxg2 43. Kf4 h6 44. h4 e5+ 45. Kg3 Bb7 46. h5 gxh5 47. Kh4 f4 48. Kxh5 Ke6 49. Kg4 Bc8 50. Kh5 Kf5 51. Kxh6 e4 0-1

[Event "CZE-chT2A 1718"]
[Site "Czech Republic"]
[Date "2018.01.14"]
[Round "6.2"]
[White "Docekal, Jan"]
[Black "Smid, Miroslav"]
[Result "1-0"]
[WhiteElo "2352"]
[BlackElo "2254"]
[PlyCount "121"]
[EventDate "2017.10.15"]
[EventType "team-tourn"]
[EventRounds "11"]
[EventCountry "CZE"]
[SourceTitle "EXT 2022"]
[Source "ChessBase"]
[SourceDate "2021.10.06"]
[SourceVersion "1"]
[SourceVersionDate "2021.10.06"]
[SourceQuality "1"]
[WhiteTeam "Vysehrad II"]
[BlackTeam "Praha Bohemians II"]
[WhiteTeamCountry "CZE"]
[BlackTeamCountry "CZE"]

1. c4 e5 2. g3 Nf6 3. Bg2 c6 4. d3 d5 5. cxd5 cxd5 6. Nf3 Nc6 7. 0-0 Be7 8. a3 0-0 9. b4 e4 10. dxe4 dxe4 11. Ng5 Bg4 12. Nc3 a5 13. b5 Nd4 14. Ra2 Rc8 15. Rd2 Rxc3 16. Rxd4 Qc8 17. Bd2 Rxa3 18. Nxe4 Nxe4 19. Bxe4 Bf6 20. Rd3 Ra1 21. Qb3 Bxe2 22. Rxa1 Bxa1 23. Re3 Bc4 24. Qb1 Bd4 25. Bxh7+ Kh8 26. Bf5 Qc5 27. Qe4 g6 28. Bc3 Bxc3 29. Rxc3 Qxb5 30. Bxg6 fxg6 31. Rxc4 Re8 32. Qd3 Qf5 33. Qd2 Rf8 34. Qa2 g5 35. h4 b5 36. Rd4 b4 37. hxg5 Qxg5 38. Qe2 Rg8 39. Kh2 Rg6 40. Qe8+ Rg8 41. Qe6 Rg6 42. Qc8+ Kh7 43. Qb7+ Rg7 44. Qe4+ Kh8 45. Rd5 Qg6 46. Qd4 Qh6+ 47. Kg2 Qc6 48. Qh4+ Kg8 49. Qe4 Rg6 50. f3 b3 51. Rd8+ Kf7 52. Qf5+ Rf6 53. Qh7+ Ke6 54. Rd3 b2 55. Re3+ Kd5 56. Qe4+ Kd6 57. Qe7+ Kd5 58. Qe5+ Kc4 59. Rc3+ Kb4 60. Qd4+ Kb5 61. Rxc6 1-0

[Event "CZE-chT2A 1718"]
[Site "Czech Republic"]
[Date "2017.10.15"]
[Round "1.3"]
[White "Docekal, Jan"]
[Black "Michalek, Jan"]
[Result "1-0"]
[WhiteElo "2352"]
[BlackElo "2261"]
[PlyCount "71"]
[EventDate "2017.10.15"]
[EventType "team-tourn"]
[EventRounds "11"]
[EventCountry "CZE"]
[SourceTitle "EXT 2022"]
[Source "ChessBase"]
[SourceDate "2021.10.06"]
[SourceVersion "1"]
[SourceVersionDate "2021.10.06"]
[SourceQuality "1"]
[WhiteTeam "Vysehrad II"]
[BlackTeam "Kozolupy"]
[WhiteTeamCountry "CZE"]
[BlackTeamCountry "CZE"]

1. e4 g6 2. d4 Bg7 3. Nc3 d6 4. Be3 a6 5. a4 Nf6 6. f3 b6 7. Qd2 c5 8. dxc5 bxc5 9. e5 Nfd7 10. exd6 Qb6 11. Nd5 Qxd6 12. Bf4 Ne5 13. Rd1 Bb7 14. Bg5 Nbd7 15. b3 Rd8 16. Bxe7 Qb8 17. Bxd8 Qxd8 18. f4 Bh6 19. Qc3 0-0 20. Be2 Bxd5 21. Rxd5 Bxf4 22. Nf3 Nxf3+ 23. Qxf3 Ne5 24. Qe4 Qh4+ 25. Kd1 Ng4 26. Bxg4 Qxg4+ 27. Qf3 Qe6 28. Re1 Qf6 29. c3 Rd8 30. Kc2 Rxd5 31. Qxd5 Bd6 32. Re2 Kg7 33. h3 Qf1 34. Qd1 Qf5+ 35. Qd3 Qf6 36. Qxa6 1-0

[Event "Plzen op 8th"]
[Site "Plzen"]
[Date "2016.10.13"]
[Round "5"]
[White "Docekal, Jan"]
[Black "Jurek, Josef"]
[Result "1-0"]
[WhiteElo "2294"]
[BlackElo "2287"]
[PlyCount "63"]
[EventDate "2016.10.09"]
[EventType "swiss"]
[EventRounds "7"]
[EventCountry "CZE"]
[SourceTitle "EXT 2017"]
[Source "ChessBase"]
[SourceDate "2016.10.25"]
[SourceVersion "1"]
[SourceVersionDate "2016.10.25"]
[SourceQuality "1"]

1. e4 e6 2. Nf3 d5 3. e5 Bd7 4. c3 c5 5. Bd3 Nc6 6. 0-0 Nge7 7. Re1 Ng6 8. a3 c4 9. Bc2 Bc5 10. d4 cxd3 11. Bxd3 Bb6 12. Be3 Bc7 13. Bd4 Qb8 14. Bc2 Qd8 15. Nbd2 Nxd4 16. cxd4 0-0 17. Rc1 Rc8 18. Bb1 f5 19. Qb3 Bb6 20. g3 Qe7 21. Bd3 Nh8 22. h4 Nf7 23. Kg2 Bc6 24. Qa2 Qd7 25. b4 a5 26. Bxf5 exf5 27. e6 Qd6 28. exf7+ Rxf7 29. b5 Bd7 30. Rxc8+ Bxc8 31. Re5 Rd7 32. Re8+ 1-0

[Event "Plzen op 7th"]
[Site "Plzen"]
[Date "2015.11.25"]
[Round "4"]
[White "Docekal, Jan"]
[Black "Piankov, Evgenij"]
[Result "1-0"]
[WhiteElo "2276"]
[BlackElo "2233"]
[PlyCount "97"]
[EventDate "2015.11.22"]
[EventType "swiss"]
[EventRounds "7"]
[EventCountry "CZE"]
[SourceTitle "CBM 169 Extra"]
[Source "ChessBase"]
[SourceDate "2015.12.18"]
[SourceVersion "1"]
[SourceVersionDate "2015.12.18"]
[SourceQuality "1"]

1. b4 d5 2. Bb2 Nf6 3. Nf3 Bf5 4. e3 e6 5. a3 a5 6. b5 Be7 7. Be2 0-0 8. 0-0 Nbd7 9. Nh4 Bg6 10. d3 Ne8 11. Nxg6 hxg6 12. Nd2 Nd6 13. a4 Bf6 14. Qc1 c6 15. Bxf6 Qxf6 16. bxc6 bxc6 17. c4 Rfb8 18. d4 Qd8 19. c5 Nf5 20. Qc3 Rb4 21. Rfb1 Rab8 22. Rxb4 Rxb4 23. Rb1 Qb8 24. Rxb4 axb4 25. Qb2 e5 26. a5 exd4 27. exd4 Ne7 28. g3 Nc8 29. Qb3 Na7 30. Qe3 Nb5 31. Nb3 Nf8 32. Qe5 Qxe5 33. dxe5 Na7 34. f4 f6 35. Kf2 fxe5 36. fxe5 Nd7 37. e6 Nf6 38. Ke3 Kf8 39. Kf4 Ke7 40. Kg5 Kxe6 41. Kxg6 Ke5 42. h4 Ne4 43. g4 Nc3 44. Bd3 Kf4 45. g5 Ne4 46. h5 Nxg5 47. Kxg7 Ke3 48. Bf5 Kf4 49. Kf6 1-0